000 00380nam a22001577a 4500
003 SGT
020 _a9780761957997
082 _a616.8914,PAL
100 _aPALMER,STEPHEN
245 _aINTEGRATIVE AND ECLECTIC COUNSELLING AND PSYCHOTHERAPY
250 _a1ST
260 _aNEW DELHI
_bSAGE PUBLICATION
_c2009
300 _a352
650 _aPSYCHOLOGY
942 _2ddc
_cBK
_012
999 _c20948
_d20948